Vision : How leaders develop it, share it, and sustain it

Saved in:
Bibliographic Details
Main Author: Quigley, Joseph V.
Format: Book
Language:Undetermined
Published: New York McGraw-Hill 1993
Subjects:
Tags: Add Tag
No Tags, Be the first to tag this record!
Institutions: Trung tâm Học liệu Trường Đại học Cần Thơ
LEADER 00689nam a2200217Ia 4500
001 CTU_96750
008 210402s9999 xx 000 0 und d
082 |a 658.4092 
082 |b Q6 
100 |a Quigley, Joseph V. 
245 0 |a Vision : 
245 0 |b How leaders develop it, share it, and sustain it 
245 0 |c Joseph V. Quigley 
260 |a New York 
260 |b McGraw-Hill 
260 |c 1993 
650 |a Leadership,Strategic planning,Leadership,Strategic planning 
650 |x Congresses,Congresses,Case studies,Congresses,Congresses,Case studies 
650 |z United states,United states 
904 |i Năm 
980 |a Trung tâm Học liệu Trường Đại học Cần Thơ